Statistics for Country by Minority Language

Click here to take the quiz!

General Stats

  • This quiz has been taken 276 times
  • The average score is 15 of 26

Answer Stats

Minority Language Country % Correct
GaelicIreland
98%
WuChina
97%
MaoriNew Zealand
96%
SicilianItaly
96%
BasqueSpain
94%
JavaIndonesia
93%
CornishUnited Kingdom
92%
NavajoUnited States
88%
RomanshSwitzerland
83%
TatarRussia
83%
BretonFrance
80%
XhosaSouth Africa
70%
MarathiIndia
65%
North FrisianGermany
63%
NahuatlMexico
57%
CebuanoPhilippines
50%
InnuCanada
44%
KohistaniPakistan
37%
IbibioNigeria
33%
PashaiAfghanistan
30%
Hiri MotuPapua New Guinea
26%
Western DesertAustralia
23%
ApalaĆ­Brazil
14%
WitotoColombia
7%
Iyojwa'ja ChoroteArgentina
6%
RodiyahSri Lanka
3%

Score Distribution

Percentile by Number Answered

Percent of People with Each Score

Your Score History

You have not taken this quiz